000 01557nam a2200349 i 4500
001 8818
003 KOSZ 005
005 20230127115825.0
008 071021s1969 pl a f 100 0 pol
015 _aPB 1969/4846
040 _aWA N
_cKOSZ 005/RW
_dKOSZ 005/RW
080 _a621.37/.38(061.3):621:318(061.3)
245 0 0 _aMikrofalowa elektronika ciała stałego :
_bmateriały z konferencji "Mikrofalowa elektronika ciała stałego", Zakopane, 7-10 października 1968.
_nCz. 2,
_pElementy półprzewodnikowe i ich zastosowanie w układach mikrofalowych /
_cprzewodn. kom. red. Adam Smoliński ; Instytut Technologii Elektronowej Polskiej Akademii Nauk.
246 3 0 _aElementy półprzewodnikowe i ich zastosowanie w układach mikrofalowych
260 _aWarszawa ;
_aŁódź :
_bPaństwowe Wydawnictwo Naukowe,
_c1969.
300 _a589, [4] s. :
_bil. ;
_c24 cm.
336 _2rdacontent
_aTekst
_btxt
337 _2rdamedia
_aBez urządzenia pośredniczącego
_bn
338 _2rdacarrier
_aWolumin
_bnc
380 _aKsiążki.
504 _aBibliogr. przy referatach.
650 4 _aElektronika
650 4 _aPółprzewodniki
650 4 _aCiało stałe
650 4 _aMikrofale
655 4 _aMateriały konferencyjne
658 7 _aInżynieria i technika
700 1 _aSmoliński, Adam
_d(1910-1996)
_eRedakcja
710 2 _aPaństwowe Wydawnictwo Naukowe
_4pbl.
856 _uhttp://koha.tu.koszalin.pl/cgi-bin/koha/opac-detail.pl?biblionumber=8818
_yKatalog online BPK
942 _2UKD
_cKS
999 _c8818
_d8818